000 00729nam a2200289Ia 4500
005 20260324113524.0
008 008 260324s9999 xx 000 0 eng d
020 _a9781003335610
037 _aEBOOK
040 _aCRL
040 _beng
040 _cCRL
041 _2eng
041 _aeng
084 _qCRL
100 _aDorian Alt
_91147105
245 0 _aHow European Citizens Understand the Economy
245 0 _bKnowledge, Politicization and Anchoring in the European Public Sphere
260 _bTaylor and Francis
260 _c2023
365 _a
365 _b220
856 _uhttp://www.taylorfrancis.com/books/9781003335610
942 _cEBOOK
999 _c1736811
_d1736811